<?xml version="1.0" encoding="UTF-8"?>
<record
    xmlns:xsi="http://www.w3.org/2001/XMLSchema-instance"
    xsi:schemaLocation="http://www.loc.gov/MARC21/slim http://www.loc.gov/standards/marcxml/schema/MARC21slim.xsd"
    xmlns="http://www.loc.gov/MARC21/slim">

  <leader>00315    a2200121   4500</leader>
  <controlfield tag="005">20250312125705.0</controlfield>
  <datafield tag="082" ind1=" " ind2=" ">
    <subfield code="a">331. 216 ILO</subfield>
  </datafield>
  <datafield tag="111" ind1=" " ind2=" ">
    <subfield code="a">INTERNATIONAL LABOUR OFFICE</subfield>
  </datafield>
  <datafield tag="245" ind1=" " ind2=" ">
    <subfield code="a">Payment by Results</subfield>
  </datafield>
  <datafield tag="260" ind1=" " ind2=" ">
    <subfield code="a">Geneva,</subfield>
    <subfield code="b">Atar,</subfield>
    <subfield code="c">1967.</subfield>
  </datafield>
  <datafield tag="300" ind1=" " ind2=" ">
    <subfield code="a">viii, 204p.: ill.; chart, table.</subfield>
    <subfield code="b">Index.</subfield>
    <subfield code="c">24cm.</subfield>
  </datafield>
  <datafield tag="942" ind1=" " ind2=" ">
    <subfield code="2">ddc</subfield>
    <subfield code="c">BKS</subfield>
  </datafield>
  <datafield tag="999" ind1=" " ind2=" ">
    <subfield code="c">480</subfield>
    <subfield code="d">480</subfield>
  </datafield>
  <datafield tag="952" ind1=" " ind2=" ">
    <subfield code="r">2025-03-12 13:00:04</subfield>
    <subfield code="l">0</subfield>
    <subfield code="o">331.216 ILO</subfield>
    <subfield code="p">0000001850</subfield>
    <subfield code="v">30000.00</subfield>
    <subfield code="w">2025-03-12</subfield>
    <subfield code="y">BKS</subfield>
    <subfield code="1">0</subfield>
    <subfield code="2">ddc</subfield>
    <subfield code="4">0</subfield>
    <subfield code="7">0</subfield>
    <subfield code="0">0</subfield>
    <subfield code="a">CBEML</subfield>
    <subfield code="b">CBEML</subfield>
    <subfield code="c">GEN</subfield>
    <subfield code="d">2025-03-12</subfield>
    <subfield code="g">10000.00</subfield>
  </datafield>
  <datafield tag="952" ind1=" " ind2=" ">
    <subfield code="r">2025-03-12 13:00:04</subfield>
    <subfield code="l">0</subfield>
    <subfield code="o">331.216 ILO</subfield>
    <subfield code="p">0000001851</subfield>
    <subfield code="v">30000.00</subfield>
    <subfield code="w">2025-03-12</subfield>
    <subfield code="y">BKS</subfield>
    <subfield code="1">0</subfield>
    <subfield code="2">ddc</subfield>
    <subfield code="4">0</subfield>
    <subfield code="7">0</subfield>
    <subfield code="0">0</subfield>
    <subfield code="a">CBEML</subfield>
    <subfield code="b">CBEML</subfield>
    <subfield code="c">GEN</subfield>
    <subfield code="d">2025-03-12</subfield>
    <subfield code="g">10000.00</subfield>
  </datafield>
</record>
